000 01543nam a2200337 i 4500
001 000036825
003 DO-SdBNP
005 20250730131136.0
007 ta
008 100308s2012 dr a 001 0 spa d
040 _aDO-SdBNP
_bspa
_cBNPHU
_erda
041 _aspa
082 4 _a341.7543
_bR426a 2012
_222
110 1 _aRepública Dominicana
_bMinisterio de Hacienda. Dirección General de Aduanas
_963159
240 1 0 _a[Leyes, etc.]
245 1 0 _aArancel de aduanas de la República Dominicana :
_bley 146-00 y sus modificaciones /
_ceditor, Gregorio Lora Árias.
250 _aPrimera
264 1 _aSanto Domingo de Guzmán, D. N. :
_bDirección General de Aduanas,
_c2012.
300 _a636 páginas :
_bilustraciones ;
_c28 cm.
336 _atexto
_btxt
_2rdacontent
337 _asin mediación
_bn
_2rdamedia
338 _avolumen
_bnc
_2rdacarrier
490 0 _aColección de Aduanas ;
_v19
500 _aEstructurado en base a la nomenclatura del Sistema Armonizado de Designación y Codificación de Mercancías (SA), incluyendo su adecuación a la 5ta recomendación de enmienda, aprobada por el Consejo de Cooperación Aduanera (CCA), actual Organización Mundial de Aduanas, el 26 de junio de 2009, y a su versión única en español, edición 2012
590 _aInventariado, 2018/MFF
650 4 _aAranceles de aduana
_xLegislación
_zRepública Dominicana
_96956
650 4 _aAduanas
_935768
700 1 _aLora Arias, Gregorio,
_eeditor
_4ed.
_933361
910 _aValidado. Control de calidad MFF
942 _2ddc
_cLBS1
999 _c36316
_d36316